000 01036nac a22002771u 4500
010 _a 2006279068
020 _a0745632300 (cased)
020 _a0745632319 (pbk.)
035 _a(OCoLC)ocm60965050
082 0 4 _a303.3
_bBEC
090 _c5867
_d5867
100 _aBeck, Ulrich,
245 1 0 _aPower in the global age :
_ba new global political economy /
_cUlrich Beck ; translated by Kathleen Cross.
260 _aCambridge ;
_aMalden, MA :
_bPolity,2005.
_c2005.
300 _axviii, 365 p. :
_bill. ;
_c24 cm.
500 _aTranslated from the German.
500 _aDistributer : Al-Ahram.
504 _aIncludes bibliographical references (p. [329]-353) and index.
511 _aCatalogued By: Mahitab.
650 0 _aInternational relations.
650 0 _aInternational economic relations.
650 0 _aNationalism.
650 0 _aGlobalization.
942 _cBB
_k303.3BEC
999 _c5867
_d5867